|
|
|
|
| LEADER |
00000nam a2200000 4500 |
| 001 |
vtls011913660 |
| 003 |
SK-MaSNL |
| 005 |
20260301053159.0 |
| 008 |
251112s1696 gw f 000 0 lat |
| 015 |
|
|
|a SNBHFA1696
|
| 040 |
|
|
|a SNKHF
|b slo
|c SNKHF
|e rda
|
| 041 |
|
|
|a lat
|
| 044 |
|
|
|a gw
|c DE
|
| 072 |
|
7 |
|a 61
|x Lekárske vedy. Medicína
|2 konspekt
|
| 080 |
|
|
|a 61
|2 2011
|
| 100 |
1 |
|
|a Rivinus, Augustus Quirinus,
|d 1652-1723
|4 aut
|9 361748
|
| 245 |
1 |
0 |
|a L.S.D. Facultatis Medicae In Academia Lipsiensi p.t. Procancellarius, Augustus Quirinus Rivinus, Phil. & Med. D. Physiol. atque Botan. P.P.
|
| 264 |
|
3 |
|a Lipsiae
|b Literis Johannis Georgi
|c 1696
|
| 300 |
|
|
|a 4 nečíslované listy
|c 4°
|
| 336 |
|
|
|a text
|b txt
|2 rdacontect
|
| 337 |
|
|
|a bez média
|b n
|2 rdamedia
|
| 338 |
|
|
|a zväzok
|b nc
|2 rdacarrier
|
| 500 |
|
|
|a Vinety, ozdobné iniciálky na 5 riadkov, kustody
|
| 501 |
|
|
|a Príväzok 61. k: FINGER, Christian Gottfried. Disputatio Inauguralis De Dentitione Puerorum Difficili. Lipsiae: Literis Christoph. Fleischeri, 1694. 4°.
|5 SNK IC 144753
|
| 510 |
4 |
|
|a VD17
|c 12:177623F
|
| 546 |
|
|
|a Latinčina
|b Kurzíva
|
| 561 |
|
|
|a Z knižnice Učenej spoločnosti malohontskej.
|5 SNK IC 144753/prív.61
|
| 650 |
0 |
7 |
|a medicína
|2 SNKPH
|9 899
|
| 700 |
1 |
|
|a Georgi, Johann,
|d zomrel 1701
|4 prt
|9 185603
|
| 700 |
1 |
|
|a Thamm, Johann Georg
|4 dis
|9 361768
|
| 700 |
0 |
|
|a August
|b II.,
|c poľský kráľ,
|d 1670-1733
|4 oth
|9 181477
|
| 710 |
2 |
|
|a Učená spoločnosť malohontská
|4 fmo
|9 205374
|
| 710 |
0 |
|
|a Georgi, Johann (Lipsko, Nemecko),
|d 1660-1701
|4 prt
|9 188027
|
| 752 |
|
|
|a Nemecko
|d Lipsko
|
| 852 |
|
|
|a snk
|b Historické fondy
|p IC 144753/prív.61
|
| 958 |
|
|
|a DC
|
| 958 |
|
|
|a MI
|
| 999 |
|
|
|c 607697
|d 609627
|
| 952 |
|
|
|t LXXIII. / MHC 1283
|a SNK
|b SNK
|c SNK_HF
|y PREZ
|7 0
|p 17A1357609
|o snkIC 144753/prív.61
|i snk2020/1428
|8 5
|0 0
|1 0
|4 0
|d 2020-01-28
|l 0
|r 2026-02-23 16:13:48
|w 2026-02-23
|